An approved history of the Olympic games.

Bibliographic Details
Main Author: Henry, William Mellors, 1890-1970
Format: Book
Language:English
Published: New York : G. P. Putnam's Sons, [1948]
Subjects:

MARC

Tag First Indicator Second Indicator Subfields
LEADER 00000cam a2200000 4500
001 in00000033667
005 20151007061919.0
008 750930s1948 nyuach 00000 eng
010 |a  48002889  
035 |a (OCoLC)01665269 
035 |9 AAD3454AM 
040 |a DLC  |c DZM  |d TXA  |d UtOrBLW 
049 |a TXAM  |c [158039] 
050 0 0 |a GV23  |b .H4 
082 0 |a 796.4 
092 |a 796.4  |b H525a 
100 1 |a Henry, William Mellors,  |d 1890-1970. 
245 1 3 |a An approved history of the Olympic games. 
264 1 |a New York :  |b G. P. Putnam's Sons,  |c [1948] 
300 |a xi, 371 pages :  |b illustrations, portraits, facsimiles ;  |c 21 cm. 
336 |a text  |b txt  |2 rdacontent 
337 |a unmediated  |b n  |2 rdamedia 
338 |a volume  |b nc  |2 rdacarrier 
500 |a Appendix (pages 286-371): The Olympic organization. 
650 0 |a Olympics  |x Revival, 1896- 
999 |a MARS 
999 f f |s 5bd9d9bd-165c-3578-9b88-59da7a4fc6f3  |i abf27b97-524d-3541-a150-6cd5493f2b53  |t 0 
952 f f |p ric  |a Texas A&M University  |b Rellis Campus  |c Joint Library Facility  |d Remote Storage  |t 0  |e GV23 .H4  |h Library of Congress classification  |i unmediated -- volume  |m A14801185787 
998 f f |a GV23 .H4  |t 0  |l Remote Storage